[Event "Chernonograd Katsan Memorial 2nd"]
[Site "Chernonograd"]
[Date "2023.01.22"]
[Round "1"]
[White "Kozak, Dmytro"]
[Black "Moroz, Mykola"]
[Result "1-0"]
[WhiteElo "1861"]
[BlackElo "1323"]
[PlyCount "55"]
[EventDate "2023.01.22"]
[EventType "swiss"]
[EventRounds "9"]
[EventCountry "UKR"]
[SourceTitle "CBM 212 Extra"]
[Source "ChessBase"]
[SourceDate "2023.03.31"]
[SourceVersion "1"]
[SourceVersionDate "2023.03.31"]
[SourceQuality "1"]

1. e4 c5 2. Nc3 Nc6 3. g3 d6 4. Bg2 Nf6 5. Nge2 Bd7 6. 0-0 e6 7. d3 h6 8. h3 Be7 9. f4 e5 10. f5 Nd4 11. Be3 0-0 12. g4 Ne8 13. Ng3 Nf6 14. h4 Nh7 15. Nh5 Bxh4 16. Nd5 Bc6 17. f6 Nxf6 18. Ndxf6+ Bxf6 19. Nxf6+ gxf6 20. Bxh6 Re8 21. c3 Ne6 22. Qf3 a6 23. Rf2 Kh7 24. Qh3 Kg8 25. Raf1 Ng5 26. Bxg5 fxg5 27. Rxf7 Qb6 28. Qh7# 1-0